Architecture and globalisation in the Persian gulf region (Record no. 85733)

MARC details
000 -LEADER
fixed length control field 00805 a2200265 4500
003 - CONTROL NUMBER IDENTIFIER
control field CBULib
005 - DATE AND TIME OF LATEST TRANSACTION
control field 20250729104101.0
008 - FIXED-LENGTH DATA ELEMENTS--GENERAL INFORMATION
fixed length control field 241101b |||||||| |||| 00| 0 eng d
020 ## - INTERNATIONAL STANDARD BOOK NUMBER
International Standard Book Number 9781409443148
040 ## - CATALOGING SOURCE
Language of cataloging English
Transcribing agency CBULib
Description conventions rda
041 ## - LANGUAGE CODE
Language code of text/sound track or separate title eng
050 ## - LIBRARY OF CONGRESS CALL NUMBER
Classification number NA 1465.3 Arc
100 ## - MAIN ENTRY--PERSONAL NAME
Personal name Fraser, Murray
245 ## - TITLE STATEMENT
Title Architecture and globalisation in the Persian gulf region
Statement of responsibility, etc / edited by Murray Fraser and Nasser Golzari
260 ## - PUBLICATION, DISTRIBUTION, ETC. (IMPRINT)
Name of publisher, distributor, etc Ashgate,
Date of publication, distribution, etc 2013
Place of publication, distribution, etc Surrey :
300 ## - PHYSICAL DESCRIPTION
Extent xxxiii, 419 pages : illustrations
336 ## - CONTENT TYPE
Source rdacontent
Content type term Text |
Content type code txt
337 ## - MEDIA TYPE
Source rdamedia
Media type term Unmediated |
Media type code n
338 ## - CARRIER TYPE
Source rdacarrier
Carrier type term Volume
Carrier type code nc
650 #0 - SUBJECT ADDED ENTRY--TOPICAL TERM
9 (RLIN) 3646
Topical term or geographic name as entry element ARCHITECTURE
650 #0 - SUBJECT ADDED ENTRY--TOPICAL TERM
9 (RLIN) 884
Topical term or geographic name as entry element GLOBALIZATION
650 #0 - SUBJECT ADDED ENTRY--TOPICAL TERM
9 (RLIN) 3933
Topical term or geographic name as entry element MIDDLE EAST
700 ## - ADDED ENTRY--PERSONAL NAME
9 (RLIN) 3934
Personal name Golzari, Nasser
942 ## - ADDED ENTRY ELEMENTS (KOHA)
Source of classification or shelving scheme
Koha item type MONOGRAPH
Holdings
Withdrawn status Lost status Source of classification or shelving scheme Damaged status Not for loan Collection code Permanent Location Current Location Shelving location Date acquired Source of acquisition Cost, normal purchase price Full call number Barcode Date last seen Price effective from Koha item type Total Checkouts Copy number
          CBU-Lusaka Campus CBU- LUSAKA CAMPUS CBU- LUSAKA CAMPUS General Stacks 11/01/2024 DON-BOOKAID 112.00 NA 1465.3 Arc 753098 11/01/2024 11/01/2024 MONOGRAPH    
          CBU-Lusaka Campus CBU- LUSAKA CAMPUS CBU- LUSAKA CAMPUS General Stacks 11/01/2024 DON-BOOKAID 112.00 NA 1465.3 Arc 753132 11/01/2024 11/01/2024 MONOGRAPH    
          Main Library Open Access Collection CBU-MAIN LIBRARY, KITWE. CBU-MAIN LIBRARY, KITWE. General Stacks 07/29/2025 DON-BOOKAID 112.00 NA 1465.3 Arc 753648 07/29/2025 07/29/2025 MONOGRAPH   3
          Main Library Open Access Collection CBU-MAIN LIBRARY, KITWE. CBU-MAIN LIBRARY, KITWE. General Stacks 07/29/2025 DON-BOOKAID 112.00 NA 1465.3 Arc 753647 07/29/2025 07/29/2025 MONOGRAPH   4